00320nam a2200121Ia 450000500170000000800410001708200130005824500220007126000430009330000120013650000250014870000250017320250620021034.0240331s9999 xx 000 0 und d bVISa323 0aVisammutiye agaya bCommunity Rights Défense Frontc1992 a31 p ., aThe value of Dissent aAbeysekera, C. eedt